Phases finales de la Coupe du monde de rugby 2003. - Statistiques

Statistiques générales
  • Ce quiz a été pris 184 fois
  • Le résultat moyen est 8 sur 8
Statistiques - réponses
Nations % Correct
Angleterre
100%
Nouvelle-Zélande
100%
France
100%
Écosse
99%
Australie
98%
Irlande
96%
Afrique du Sud
94%
Pays de Galles
94%
Aucun quiz correspondant
Distribution des résultats
% des personnes avec chaque résultat
Percentile par nombre de réponses
Votre historique - résultats
Vous n’avez pas pris ce quiz